书目信息 |
| 题名: |
草书
|
|
| 作者: | 金开诚, 主编 ;李倩 编著 | |
| 分册: | ||
| 出版信息: | 长春 吉林文史出版社 2018重印 |
|
| 页数: | 120页 | |
| 开本: | 23cm | |
| 丛书名: | 中国文化知识读本 | |
| 单 册: | ||
| 中图分类: | J292.113.4 | |
| 科图分类: | ||
| 主题词: | 草书--cao shu--书法--中国 | |
| 电子资源: | ||
| ISBN: | 978-7-5463-2011-3 | |
| 000 | 00985nam 2200289 45 | |
| 001 | 012001009749 | |
| 005 | 20191107141158.87 | |
| 010 | @a978-7-5463-2011-3@dCNY34.80 | |
| 099 | @aCAL 012010215295 | |
| 100 | @a20101008d2010 em y0chiy50 ea | |
| 101 | 0 | @achi |
| 102 | @aCN@b220000 | |
| 105 | @aa z 000yy | |
| 106 | @ar | |
| 200 | 1 | @a草书@Acao shu@f主编金开诚@g编著李倩 |
| 205 | @a第2版 | |
| 210 | @a长春@c吉林文史出版社@d2018重印 | |
| 215 | @a120页@c图@d23cm | |
| 225 | 2 | @a中国文化知识读本@Azhong guo wen hua zhi shi du ben |
| 330 | @a本书共5章, 内容包括: 草书概述 ; 兼具篆隶化的章草 ; 流畅简动的今草 ; 激情旋舞的狂草 ; 草书的书写创作及其艺术鉴赏。 | |
| 410 | 0 | @12001@@a中国文化知识读本 |
| 606 | 0 | @a草书@Acao shu@x书法@y中国 |
| 690 | @aJ292.113.4@v4 | |
| 701 | 0 | @a金开诚,@AJin Kaicheng@f1932-2008@4主编@3CAL n2004273397#@7jt0yjt0y@7ec0yec0y |
| 702 | 0 | @a李倩@Ali qian@4编著 |
| 801 | 2 | @aCN@b上海新华@c20191020 |
| 905 | @b1189352-5@dJ292.113.4@e626=2@f4 | |
| 草书/主编金开诚/编著李倩.-第2版.-长春:吉林文史出版社,2018重印 |
| 120页:图;23cm.-(中国文化知识读本) |
| ISBN 978-7-5463-2011-3:CNY34.80 |
| 本书共5章, 内容包括: 草书概述 ; 兼具篆隶化的章草 ; 流畅简动的今草 ; 激情旋舞的狂草 ; 草书的书写创作及其艺术鉴赏。 |
| ● |
| 相关链接 |
|
|
|
|
正题名:草书
索取号:J292.113.4/626=2
 
预约/预借
| 序号 | 登录号 | 条形码 | 馆藏地/架位号 | 状态 | 备注 |
| 1 | 1189352 | 211893520 | 第一样本阅览室/ [索取号:J292.113.4/626=2] | 在馆 | |
| 2 | 1189353 | 211893539 | 第一借阅区/ [索取号:J292.113.4/626=2] | 在馆 | |
| 3 | 1189354 | 211893548 | 第一借阅区/ [索取号:J292.113.4/626=2] | 在馆 | |
| 4 | 1189355 | 211893557 | 第一借阅区/ [索取号:J292.113.4/626=2] | 在馆 |